000 00529nam a22001937a 4500
003 MPLRDC
005 20220104193803.0
008 210129b ||||| |||| 00| 0 eng d
020 _aISSN1511-9165
082 _a050.9 HW v.855
100 _a李光华 执行主编
245 _a号外 V.855 09/2017
_c
250 _a初版
260 _a马来西亚
_bNANYANG PRESS HOLDINGS BERHAD
_c2017
300 _b
520 _a上架 2017-09-26。
650 _a期刊--号外周报 SPECIAL WEEKLY
942 _cMGZ
_o050.9 HW v.855
999 _c65366
_d65356